[Event "12. Lovsprings EMT Basis 3 2001"]
[Site "Ringsted"]
[Date "2001.03.02"]
[Round "1"]
[White "Astrup, Knud"]
[Black "Pedersen, Jon"]
[Result "0-1"]
[WhiteElo "1178"]
[BlackElo "1197"]
[PlyCount "72"]
[EventDate "2001.??.??"]

1. f4 e5 2. fxe5 d6 3. exd6 Bxd6 4. Nf3 g5 5. g3 g4 6. Nh4 Nf6 7. d4 Ne4 8. Qd3
Ng5 9. Bg2 Qf6 10. Bxg5 Qxg5 11. Nd2 c6 12. Ne4 Qa5+ 13. c3 Qc7 14. Nxd6+ Qxd6
15. O-O Be6 16. e4 Nd7 17. Nf5 Bxf5 18. Rxf5 f6 19. Re1 O-O-O 20. Qf1 h5 21. e5
fxe5 22. dxe5 Qc5+ 23. Qf2 Qxf2+ 24. Kxf2 Nc5 25. Kg1 Rdf8 26. Ref1 Ne6 27. Be4
Re8 28. Rf6 Ng5 29. Bf5+ Kb8 30. e6 Nf3+ 31. Kg2 Rhf8 32. Rxf8 Rxf8 33. Bg6 Rd8
34. Kh1 Rd2 35. Rxf3 gxf3 36. e7 Rd1# 0-1

[Event "12. Lovsprings EMT Basis 3 2001"]
[Site "Ringsted"]
[Date "2001.03.02"]
[Round "1"]
[White "Janbazi, Farzad"]
[Black "Jakobsen, Henning"]
[Result "1/2-1/2"]
[WhiteElo "1026"]
[BlackElo "1069"]
[PlyCount "113"]
[EventDate "2001.??.??"]

1. d4 Nf6 2. Bg5 g6 3. e3 Bg7 4. Nc3 d6 5. Bc4 O-O 6. h4 Nc6 7. Bxf6 Bxf6 8. h5
g5 9. Qd2 h6 10. Nf3 e5 11. d5 Ne7 12. Ne4 Kg7 13. Nxf6 Kxf6 14. e4 Rg8 15.
O-O-O Bg4 16. Rde1 Bxf3 17. gxf3 Kg7 18. Rhg1 Kh8 19. Rg4 f5 20. Rh4 Qf8 21.
Rh2 f4 22. Bf1 g4 23. fxg4 Rxg4 24. f3 Rg3 25. Qd3 Qg7 26. Ree2 Rg8 27. Rhg2
Qf6 28. Rh2 R8g5 29. Bh3 Rg1+ 30. Kd2 Qg7 31. Bg4 Ng8 32. Reg2 Rxg2+ 33. Rxg2
Nf6 34. Rh2 Nxg4 35. fxg4 Rxg4 36. Rf2 Qg5 37. c4 Rg3 38. Rf3 Rg2+ 39. Kc3 Rg3
40. Rxg3 Qxg3 41. b4 Kg7 42. c5 Qxd3+ 43. Kxd3 Kf6 44. Ke2 Kg5 45. Kf3 Kxh5 46.
a4 a6 47. a5 Kg5 48. c6 bxc6 49. dxc6 h5 50. b5 h4 51. b6 h3 52. bxc7 h2 53.
c8=Q h1=Q+ 54. Kf2 Qh2+ 55. Kf1 Qh1+ 56. Kf2 Qh4+ 57. Kf1 1/2-1/2

[Event "12. Lovsprings EMT Basis 3 2001"]
[Site "Ringsted"]
[Date "2001.03.02"]
[Round "1"]
[White "Mogensen, Soren"]
[Black "Clausen, Thomas"]
[Result "1-0"]
[WhiteElo "1206"]
[BlackElo "1000"]
[PlyCount "55"]
[EventDate "2001.??.??"]

1. e4 e5 2. Nf3 Nc6 3. Bc4 Bc5 4. d3 h6 5. Nc3 Nf6 6. h3 g5 7. Bb5 g4 8. hxg4
Nxg4 9. Be3 Bxe3 10. fxe3 Nxe3 11. Qe2 Nb4 12. Ba4 Ng4 13. a3 Nc6 14. O-O-O Qf6
15. Nd5 Qd6 16. Nh4 Ne7 17. Nxe7 Qxe7 18. Qxg4 Qg5+ 19. Qxg5 hxg5 20. Nf5 Rg8
21. Rh7 a6 22. Bb3 Rf8 23. Rdh1 d6 24. Rh8 Rxh8 25. Rxh8+ Kd7 26. Bxf7 b5 27.
Be8+ Ke6 28. Rh6# 1-0

[Event "12. Lovsprings EMT Basis 3 2001"]
[Site "Ringsted"]
[Date "2001.03.02"]
[Round "1"]
[White "Nielsen, Henrik"]
[Black "Abdi, Farhad"]
[Result "1/2-1/2"]
[WhiteElo "1186"]
[BlackElo "1167"]
[PlyCount "124"]
[EventDate "2001.??.??"]

1. e4 d6 2. Nf3 Nf6 3. Nc3 c6 4. Be2 g6 5. d3 Bg7 6. Be3 Qc7 7. Qd2 Nbd7 8. O-O
Ng4 9. Bf4 e5 10. Bg3 O-O 11. Qe1 b5 12. a3 Re8 13. Nd2 Nf8 14. Bxg4 Bxg4 15.
f3 Bc8 16. Ne2 Ne6 17. b4 Bd7 18. Nb3 Rf8 19. c3 c5 20. Qd2 f5 21. Rad1 f4 22.
Bf2 Be8 23. d4 Bf7 24. dxc5 dxc5 25. Nxc5 Nxc5 26. Bxc5 Rfd8 27. Qc2 Bf8 28.
Bxf8 Kxf8 29. Rxd8+ Rxd8 30. Rd1 Rxd1+ 31. Qxd1 Bc4 32. Nc1 Ke7 33. Kf2 Qb6+
34. Ke1 Qe3+ 35. Ne2 Bxe2 36. Qxe2 Qxc3+ 37. Kf2 a6 38. Qa2 Qe3+ 39. Kf1 Qc1+
40. Kf2 Qc4 41. Qxc4 bxc4 42. Ke2 Kd6 43. Kd2 Kc6 44. Kc3 Kb5 45. a4+ Kxa4 46.
Kxc4 g5 47. h3 h5 48. Kc5 Kb3 49. b5 axb5 50. Kxb5 Kc3 51. Kc5 Kd3 52. Kd5 Ke2
53. Kxe5 Kf2 54. Kf5 Kxg2 55. Kxg5 Kxf3 56. e5 Kg3 57. e6 f3 58. e7 f2 59. e8=Q
f1=Q 60. Qe3+ Kh2 61. Kxh5 Qxh3+ 62. Qxh3+ Kxh3 1/2-1/2

[Event "12. Lovsprings EMT Basis 3 2001"]
[Site "Ringsted"]
[Date "2001.03.02"]
[Round "1"]
[White "Vilsgaard, Lars"]
[Black "Hansen, Steen J"]
[Result "0-1"]
[WhiteElo "1129"]
[BlackElo "1275"]
[PlyCount "54"]
[EventDate "2001.??.??"]

1. e4 e5 2. Nf3 Nc6 3. Bb5 a6 4. Bxc6 dxc6 5. d3 f6 6. O-O Bc5 7. h3 Be6 8. Nh2
h5 9. Qf3 Qd7 10. Be3 Bxe3 11. Qxe3 g5 12. Qe2 O-O-O 13. Nc3 c5 14. b3 Qd4 15.
Qe1 g4 16. Ne2 Qd6 17. h4 Nh6 18. g3 f5 19. Rd1 Rhf8 20. Qd2 Bf7 21. Rfe1 fxe4
22. Nf1 Qf6 23. Qe3 exd3 24. Rxd3 Rxd3 25. Qxd3 Bg6 26. Qc3 Qxf2+ 27. Kh1 Be4+
0-1

[Event "12. Lovsprings EMT Basis 3 2001"]
[Site "Ringsted"]
[Date "2001.03.09"]
[Round "2"]
[White "Abdi, Farhad"]
[Black "Vintersfjord, Inette"]
[Result "1-0"]
[WhiteElo "1167"]
[BlackElo "1016"]
[PlyCount "75"]
[EventDate "2001.??.??"]

1. Nf3 d5 2. g3 Bf5 3. Bg2 e6 4. d3 Bc5 5. O-O h6 6. Nbd2 Nf6 7. Nb3 b6 8. Nfd4
O-O 9. c3 Nbd7 10. Qc2 Ne5 11. Bf4 Qd6 12. Nb5 Qc6 13. Bxe5 Qxb5 14. Bxc7 Rac8
15. Be5 Nd7 16. Bd4 Bxd4 17. Nxd4 Qc5 18. Nxf5 exf5 19. d4 Qd6 20. Qxf5 Rce8
21. e3 Nf6 22. Rfe1 g6 23. Qf4 Qxf4 24. exf4 h5 25. Re5 Rd8 26. h3 Rd6 27. Rae1
Kg7 28. f3 Nd7 29. Re8 Rxe8 30. Rxe8 Nf6 31. Re5 a5 32. g4 hxg4 33. fxg4 Kh6
34. g5+ Kg7 35. gxf6+ Kxf6 36. Rxd5 Re6 37. Re5 Rd6 38. Kf2 1-0

[Event "12. Lovsprings EMT Basis 3 2001"]
[Site "Ringsted"]
[Date "2001.03.09"]
[Round "2"]
[White "Astrup, Knud"]
[Black "Vilsgaard, Lars"]
[Result "1-0"]
[WhiteElo "1178"]
[BlackElo "1129"]
[PlyCount "75"]
[EventDate "2001.??.??"]

1. f4 Nc6 2. Nf3 d5 3. e3 Bg4 4. Be2 Bxf3 5. Bxf3 e6 6. b3 Nf6 7. Bb2 Bc5 8.
O-O O-O 9. Qe2 d4 10. Bxc6 bxc6 11. Kh1 dxe3 12. dxe3 Bd6 13. Nd2 c5 14. Rad1
Qe7 15. Nc4 Rfd8 16. e4 Bxf4 17. Rxf4 Ne8 18. Rxd8 Rxd8 19. Rf1 f6 20. Na5 Rd6
21. Nc4 Rd8 22. Ba3 Qd7 23. Bxc5 Qc6 24. Bg1 e5 25. Nd2 Qxc2 26. Qc4+ Qxc4 27.
Nxc4 Kf7 28. Nxe5+ Ke6 29. Nc4 Rd3 30. Bxa7 Nd6 31. Nxd6 cxd6 32. Re1 Rd2 33.
Ra1 Re2 34. Bb6 Rxe4 35. Ba5 d5 36. Re1 Kf5 37. Rxe4 Kxe4 38. b4 1-0

[Event "12. Lovsprings EMT Basis 3 2001"]
[Site "Ringsted"]
[Date "2001.03.20"]
[Round "2"]
[White "Clausen, Thomas"]
[Black "Nielsen, Henrik"]
[Result "1-0"]
[WhiteElo "1000"]
[BlackElo "1186"]
[PlyCount "51"]
[EventDate "2001.??.??"]

1. e4 e6 2. Bc4 Nf6 3. e5 Nd5 4. Bxd5 exd5 5. Nf3 d6 6. O-O Bg4 7. d4 Nc6 8.
Be3 dxe5 9. h3 Bh5 10. Re1 e4 11. Bf4 Be7 12. g4 exf3 13. gxh5 Qd7 14. Qxf3
Nxd4 15. Qd3 c5 16. Nc3 Rd8 17. Re3 Nf5 18. Re5 c4 19. Qxf5 Qxf5 20. Rxf5 O-O
21. Nxd5 Rd7 22. Nxe7+ Kh8 23. Re1 Rfd8 24. Rxf7 b5 25. h6 gxh6 26. Be5# 1-0

[Event "12. Lovsprings EMT Basis 3 2001"]
[Site "Ringsted"]
[Date "2001.03.09"]
[Round "2"]
[White "Hansen, Steen J"]
[Black "Mogensen, Soren"]
[Result "1-0"]
[WhiteElo "1275"]
[BlackElo "1206"]
[PlyCount "81"]
[EventDate "2001.??.??"]

1. e4 c5 2. Nf3 Nc6 3. Bb5 Nf6 4. e5 Nd5 5. c4 Nb6 6. Nc3 Qc7 7. Bxc6 bxc6 8.
b3 e6 9. a4 a5 10. Ba3 d5 11. cxd5 cxd5 12. Nb5 Qc6 13. Rc1 Ba6 14. Nfd4 Qc8
15. Qh5 Bxb5 16. Nxb5 Qc6 17. d4 c4 18. Bxf8 Kxf8 19. Nd6 Qd7 20. bxc4 Nxc4 21.
Nb5 Qe7 22. O-O h6 23. Rfd1 Qg5 24. Qe2 Ke7 25. Rc3 g6 26. Rdc1 h5 27. h3 Rhd8
28. R1c2 Qh6 29. Rf3 Qg7 30. Rf6 Ra6 31. Rxc4 dxc4 32. Qxc4 Raa8 33. Qc5+ Ke8
34. Nc7+ Kd7 35. Nxa8 Rxa8 36. d5 Rc8 37. Qd6+ Ke8 38. dxe6 Rd8 39. exf7+ Qxf7
40. Qxd8+ Kxd8 41. Rxf7 1-0

[Event "12. Lovsprings EMT Basis 3 2001"]
[Site "Ringsted"]
[Date "2001.03.09"]
[Round "2"]
[White "Jakobsen, Henning"]
[Black "Pedersen, Jon"]
[Result "0-1"]
[WhiteElo "1069"]
[BlackElo "1197"]
[PlyCount "48"]
[EventDate "2001.??.??"]

1. d4 Nf6 2. c4 d6 3. Nc3 Nbd7 4. e4 e5 5. d5 Be7 6. Be3 O-O 7. Nf3 Ng4 8. Be2
f5 9. exf5 Rxf5 10. O-O Nb6 11. Nd2 Nxe3 12. fxe3 Bg5 13. Rxf5 Bxf5 14. e4 Be3+
15. Kh1 Qg5 16. Nf3 Qh6 17. exf5 Rf8 18. Qd3 Nd7 19. Rf1 Nf6 20. Ne4 Ng4 21. b3
Rxf5 22. a4 Rh5 23. h3 Rxh3+ 24. gxh3 Qxh3+ 0-1

[Event "12. Lovsprings EMT Basis 3 2001"]
[Site "Ringsted"]
[Date "2001.03.09"]
[Round "2"]
[White "Nielsen, Jonas"]
[Black "Janbazi, Farzad"]
[Result "1/2-1/2"]
[WhiteElo "1000"]
[BlackElo "1026"]
[PlyCount "61"]
[EventDate "2001.??.??"]

1. e4 c6 2. Nc3 d5 3. d4 dxe4 4. Nxe4 Nf6 5. Nxf6+ gxf6 6. Be3 Bf5 7. Bd3 Bg6
8. Nf3 e6 9. Rc1 Nd7 10. a3 Nb6 11. Nh4 Nd5 12. Nxg6 hxg6 13. c4 Nxe3 14. fxe3
Qc7 15. Qf3 f5 16. c5 O-O-O 17. b4 g5 18. a4 g4 19. Qe2 Rxh2 20. Kd2 Rxd4 21.
exd4 Bh6+ 22. Kc2 Bxc1 23. Rxc1 Qg3 24. Rg1 f4 25. Qe5 Rxg2+ 26. Rxg2 Qxg2+ 27.
Kb3 Qd5+ 28. Qxd5 exd5 29. Bf5+ Kc7 30. Bxg4 f6 31. Kc3 1/2-1/2

[Event "12. Lovsprings EMT Basis 3 2001"]
[Site "Ringsted"]
[Date "2001.03.16"]
[Round "3"]
[White "Mogensen, Soren"]
[Black "Abdi, Farhad"]
[Result "0-1"]
[WhiteElo "1206"]
[BlackElo "1167"]
[PlyCount "116"]
[EventDate "2001.??.??"]

1. e4 d6 2. d4 Nf6 3. Bd3 c6 4. Nf3 Nbd7 5. Bg5 Qb6 6. b3 e5 7. Bxf6 gxf6 8.
dxe5 fxe5 9. Nbd2 Nf6 10. Nc4 Qc7 11. Qd2 Rg8 12. Rg1 Bg4 13. Rf1 Bxf3 14. gxf3
Nh5 15. Ne3 Bh6 16. Qc3 Nf4 17. Nf5 Rg6 18. Nxh6 Rxh6 19. Rg1 Rg6 20. O-O-O
O-O-O 21. Rxg6 fxg6 22. Bf1 Qe7 23. Qa5 Kb8 24. Qb4 Qc7 25. a4 a5 26. Qc3 Qb6
27. Qe3 Kc7 28. Qxb6+ Kxb6 29. Bc4 Kc5 30. Kb2 Nh3 31. Bf1 Nf4 32. Bc4 Rf8 33.
Bf1 Rf6 34. Rd2 h5 35. h4 g5 36. hxg5 Rg6 37. Rd1 Rxg5 38. Bd3 h4 39. Rh1 Rh5
40. Bf1 h3 41. Kc3 b6 42. Kb2 d5 43. Kc3 d4+ 44. Kb2 Kb4 45. Bc4 Rh6 46. Bf1 b5
47. axb5 cxb5 48. Rh2 a4 49. bxa4 bxa4 50. Bd3 a3+ 51. Ka2 Kc3 52. Kxa3 Nxd3
53. cxd3 Kxd3 54. Kb3 Ke2 55. f4 exf4 56. e5 d3 57. Rh1 d2 58. Kc2 Rc6+ 0-1

[Event "12. Lovsprings EMT Basis 3 2001"]
[Site "Ringsted"]
[Date "2001.03.16"]
[Round "3"]
[White "Nielsen, Henrik"]
[Black "Astrup, Knud"]
[Result "0-1"]
[WhiteElo "1186"]
[BlackElo "1178"]
[PlyCount "90"]
[EventDate "2001.??.??"]

1. e4 e6 2. d4 d5 3. exd5 exd5 4. Nf3 Nc6 5. Bb5 Nge7 6. Qe2 Bd7 7. Nc3 a6 8.
Ba4 b5 9. Bb3 Be6 10. O-O g6 11. Re1 Bg7 12. Be3 O-O 13. a3 Nf5 14. Bg5 Qd6 15.
Qd3 Nfxd4 16. Nxd4 Nxd4 17. Ne2 Nxe2+ 18. Qxe2 Bxb2 19. Ra2 Bg7 20. g3 c5 21.
Bf4 Qc6 22. c4 dxc4 23. Bc2 Rad8 24. Be4 Bd5 25. Bxd5 Rxd5 26. a4 Rfd8 27. axb5
axb5 28. Qe4 Bf8 29. Be5 Qe8 30. Rae2 Rd1 31. Rxd1 Rxd1+ 32. Kg2 Bd6 33. Qf4
Bxe5 34. Rxe5 Qc6+ 35. Qf3 Qxf3+ 36. Kxf3 Rd3+ 37. Ke2 Rb3 38. Rxc5 c3 39. Kd1
b4 40. Rc4 Rb2 41. Rf4 b3 42. Kc1 Re2 43. Kd1 Rd2+ 44. Kc1 b2+ 45. Kb1 Rd1+ 0-1

[Event "12. Lovsprings EMT Basis 3 2001"]
[Site "Ringsted"]
[Date "2001.03.16"]
[Round "3"]
[White "Nielsen, Jonas"]
[Black "Jakobsen, Henning"]
[Result "0-1"]
[WhiteElo "1000"]
[BlackElo "1069"]
[PlyCount "74"]
[EventDate "2001.??.??"]

1. e4 c5 2. Nf3 d6 3. Nc3 Nc6 4. Bc4 e6 5. d3 Be7 6. Be3 Nf6 7. d4 cxd4 8. Nxd4
O-O 9. O-O a6 10. a4 Ne5 11. Bg5 Nxc4 12. Rb1 Bd7 13. Nf3 Bc6 14. Qd3 Ne5 15.
Nxe5 dxe5 16. b3 Qc7 17. Rbd1 Rad8 18. Qh3 Nxe4 19. Bxe7 Qxe7 20. Qe3 Nxc3 21.
Qxc3 f6 22. Rd3 Rxd3 23. cxd3 Qd7 24. f3 Rc8 25. Rc1 Qd4+ 26. Kf1 Qxc3 27. Rxc3
Bd7 28. Rc4 Rxc4 29. dxc4 Bc6 30. a5 Kf8 31. Ke2 Ke7 32. Ke3 Kd6 33. b4 f5 34.
g3 g6 35. f4 exf4+ 36. gxf4 e5 37. h4 h5 0-1

[Event "12. Lovsprings EMT Basis 3 2001"]
[Site "Ringsted"]
[Date "2001.03.16"]
[Round "3"]
[White "Pedersen, Jon"]
[Black "Hansen, Steen J"]
[Result "1-0"]
[WhiteElo "1197"]
[BlackElo "1275"]
[PlyCount "87"]
[EventDate "2001.??.??"]

1. e4 e5 2. f4 exf4 3. Nf3 g5 4. h4 g4 5. Ne5 Be7 6. Qxg4 d6 7. Qg7 Bxh4+ 8.
Kd1 Qf6 9. Qxf6 Bxf6 10. Nf3 Nc6 11. Nc3 Be6 12. Bb5 O-O-O 13. Bxc6 bxc6 14. d3
Ne7 15. Bxf4 Ng6 16. Be3 c5 17. Kd2 h5 18. Raf1 h4 19. Bg5 Bxg5+ 20. Nxg5 Rd7
21. Rf6 Ne5 22. Nxe6 fxe6 23. Rxe6 Rf7 24. Nd1 Kd7 25. Rxe5 dxe5 26. Ke2 c6 27.
Ne3 Ke6 28. Nf5 Rxf5 29. exf5+ Kxf5 30. Kf3 Ke6 31. g3 h3 32. g4 Kf6 33. Kg3 h2
34. Rxh2 Rxh2 35. Kxh2 Kg5 36. Kg3 a6 37. Kf3 Kf6 38. Ke4 a5 39. g5+ Kxg5 40.
Kxe5 Kg6 41. Kd6 c4 42. dxc4 Kf6 43. Kxc6 Ke5 44. c5 1-0

[Event "12. Lovsprings EMT Basis 3 2001"]
[Site "Ringsted"]
[Date "2001.03.16"]
[Round "3"]
[White "Vilsgaard, Lars"]
[Black "Clausen, Thomas"]
[Result "0-1"]
[WhiteElo "1129"]
[BlackElo "1000"]
[PlyCount "68"]
[EventDate "2001.??.??"]

1. e4 e5 2. Nf3 Nc6 3. Bb5 d6 4. Bxc6+ bxc6 5. d3 Ba6 6. O-O Nf6 7. Bg5 Be7 8.
Bxf6 Bxf6 9. Re1 O-O 10. Nc3 Rb8 11. Rb1 g6 12. h3 Bg7 13. Qd2 f5 14. b3 d5 15.
exd5 Qd6 16. dxc6 e4 17. Nh2 Qb4 18. dxe4 Rbd8 19. a3 Rxd2 20. axb4 Bxc3 21.
Red1 Rfd8 22. Rxd2 Rxd2 23. g3 fxe4 24. Nf1 Bxf1 25. Kxf1 a6 26. Kg2 Bxb4 27.
Ra1 a5 28. h4 Rxc2 29. Rd1 Bd6 30. Rd5 e3 31. Rxa5 Rxf2+ 32. Kg1 Bxg3 33. h5
Bh2+ 34. Kh1 e2 0-1

[Event "12. Lovsprings EMT Basis 3 2001"]
[Site "Ringsted"]
[Date "2001.03.16"]
[Round "3"]
[White "Vintersfjord, Inette"]
[Black "Janbazi, Farzad"]
[Result "0-1"]
[WhiteElo "1016"]
[BlackElo "1026"]
[PlyCount "60"]
[EventDate "2001.??.??"]

1. e4 c6 2. d4 d5 3. Nc3 dxe4 4. Nxe4 Nf6 5. f3 Bf5 6. Nxf6+ gxf6 7. Bd3 Bg6 8.
Bc4 Nd7 9. Ne2 Nb6 10. Bb3 e6 11. O-O Nc8 12. Be3 Ne7 13. c3 Nf5 14. Bc1 Rg8
15. g3 Nh4 16. Kf2 Nf5 17. Bc2 Nh6 18. Bxg6 hxg6 19. Be3 Nf5 20. Qd3 Bd6 21. c4
c5 22. d5 Rh8 23. Rh1 a6 24. dxe6 Bxg3+ 25. Nxg3 Qxd3 26. Nxf5 gxf5 27. Bxc5
fxe6 28. Rad1 Qc2+ 29. Kg3 Rg8+ 30. Kh3 Qg2+ 0-1

[Event "12. Lovsprings EMT Basis 3 2001"]
[Site "Ringsted"]
[Date "2001.03.23"]
[Round "4"]
[White "Abdi, Farhad"]
[Black "Pedersen, Jon"]
[Result "1-0"]
[WhiteElo "1167"]
[BlackElo "1197"]
[PlyCount "79"]
[EventDate "2001.??.??"]

1. Nf3 c6 2. g3 d5 3. Bg2 Bf5 4. d3 Nf6 5. Nbd2 Nbd7 6. O-O e6 7. c3 Bd6 8. Qc2
Qc7 9. Nh4 Bg6 10. Nxg6 hxg6 11. e4 O-O-O 12. Re1 Rh5 13. Nf3 Rdh8 14. h4 dxe4
15. dxe4 Ne5 16. Nxe5 Bxe5 17. Qd3 Nh7 18. Bf3 Bxg3 19. Bxh5 Bh2+ 20. Kg2 gxh5
21. Qf3 Nf6 22. Be3 Rg8 23. Rh1 Ng4 24. Rad1 g5 25. Bxg5 f6 26. Kf1 fxg5 27.
hxg5 b6 28. Ke2 Qe7 29. Rhf1 Rxg5 30. Qd3 Qf7 31. Qd8+ Kb7 32. Rd7+ Qxd7 33.
Qxd7+ Ka6 34. Qxc6 Rc5 35. Qxe6 Re5 36. Qc4+ Kb7 37. Rd1 Re7 38. Qd5+ Ka6 39.
Rd4 b5 40. Qc6+ 1-0

[Event "12. Lovsprings EMT Basis 3 2001"]
[Site "Ringsted"]
[Date "2001.03.23"]
[Round "4"]
[White "Clausen, Thomas"]
[Black "Astrup, Knud"]
[Result "0-1"]
[WhiteElo "1000"]
[BlackElo "1178"]
[PlyCount "56"]
[EventDate "2001.??.??"]

1. e4 e6 2. Nc3 d5 3. d4 Nf6 4. e5 Nfd7 5. a3 c5 6. Be3 Nc6 7. Nf3 c4 8. b3 Qa5
9. bxc4 Qxc3+ 10. Bd2 Qb2 11. cxd5 Nxd4 12. Nxd4 Qxd4 13. dxe6 Qxe5+ 14. Be2
Qxe6 15. O-O Be7 16. Re1 O-O 17. Bg4 Qf6 18. Bxd7 Bxd7 19. Bg5 Qxg5 20. Qxd7
Bf6 21. Rad1 Rad8 22. Qxb7 Rxd1 23. Rxd1 a5 24. Qd5 Rd8 25. Qf3 Rxd1+ 26. Qxd1
g6 27. g3 Qc5 28. Qf3 Kg7 0-1

[Event "12. Lovsprings EMT Basis 3 2001"]
[Site "Ringsted"]
[Date "2001.03.23"]
[Round "4"]
[White "Jakobsen, Henning"]
[Black "Mogensen, Soren"]
[Result "1/2-1/2"]
[WhiteElo "1069"]
[BlackElo "1206"]
[PlyCount "99"]
[EventDate "2001.??.??"]

1. d4 d5 2. c4 e6 3. Bd2 Nc6 4. e3 g6 5. Nc3 Nge7 6. Nf3 Bg7 7. cxd5 Nxd5 8.
Bb5 Nxc3 9. Bxc3 O-O 10. O-O Ne7 11. Qc2 c6 12. Be2 Nd5 13. Rfd1 Qc7 14. Rac1
b5 15. a3 Bb7 16. Bd2 Qd7 17. Ne5 Bxe5 18. dxe5 Qc7 19. e4 Ne7 20. Qc5 Nc8 21.
Bb4 Nb6 22. Qd6 Qxd6 23. exd6 Nd7 24. f4 a6 25. e5 Rac8 26. Bf3 Ba8 27. Ba5 c5
28. Bxa8 Rxa8 29. Rd2 Rac8 30. Rdc2 Rc6 31. b4 c4 32. Bc7 Ra8 33. h4 h5 34. Kf2
Kg7 35. Rg1 f6 36. g4 hxg4 37. Rxg4 f5 38. Rg5 Kf7 39. Kf3 Rh8 40. Kg3 Nb6 41.
Bxb6 Rxb6 42. Kh3 Rbb8 43. Rcg2 Rbg8 44. R5g3 Rh6 45. Rd2 Rgh8 46. Kg2 Rxh4 47.
Kf3 Rh3 48. Rdg2 Rxg3+ 49. Rxg3 Rh1 50. Ke2 1/2-1/2

[Event "12. Lovsprings EMT Basis 3 2001"]
[Site "Ringsted"]
[Date "2001.03.23"]
[Round "4"]
[White "Janbazi, Farzad"]
[Black "Hansen, Steen J"]
[Result "0-1"]
[WhiteElo "1026"]
[BlackElo "1275"]
[PlyCount "94"]
[EventDate "2001.??.??"]

1. d4 f5 2. Bg5 Nf6 3. Bxf6 exf6 4. Nf3 Nc6 5. e3 Bb4+ 6. c3 Ba5 7. g3 a6 8.
Bg2 d5 9. O-O Be6 10. Re1 Qd7 11. Nbd2 Bb6 12. Nb3 O-O-O 13. Nc1 g5 14. Nd3 h5
15. h4 Rdg8 16. Kf1 Rg7 17. Qd2 Rhg8 18. a4 Na5 19. Qc2 Qd6 20. hxg5 fxg5 21.
Nfe5 Kb8 22. b4 Nc4 23. a5 Nxe5 24. dxe5 Qc6 25. axb6 Qxb6 26. Nc5 f4 27. Rad1
fxe3 28. Rxe3 Rd8 29. Nxe6 Qxe6 30. Rd4 c6 31. c4 Rgd7 32. c5 Re7 33. Qe2 Rh8
34. Rf3 Rhe8 35. Re3 g4 36. Rf4 Qg6 37. Qe1 Qg7 38. e6 d4 39. Ree4 d3 40. Rd4
Rxe6 41. Rfe4 Qxd4 42. Rxe6 Rxe6 43. Qxe6 d2 44. Kg1 d1=Q+ 45. Bf1 Q4d3 46.
Qd6+ Qxd6 47. cxd6 Qxd6 0-1

[Event "12. Lovsprings EMT Basis 3 2001"]
[Site "Ringsted"]
[Date "2001.03.23"]
[Round "4"]
[White "Nielsen, Henrik"]
[Black "Vintersfjord, Inette"]
[Result "0-1"]
[WhiteElo "1186"]
[BlackElo "1016"]
[PlyCount "96"]
[EventDate "2001.??.??"]

1. e4 e5 2. Nf3 Nc6 3. Bc4 Bc5 4. c3 a6 5. d4 exd4 6. cxd4 Bb4+ 7. Bd2 Bxd2+ 8.
Qxd2 h6 9. a3 d6 10. Nc3 Nge7 11. Qf4 O-O 12. O-O Ng6 13. Qe3 Bd7 14. Rad1 Re8
15. Rfe1 b5 16. Bb3 Na5 17. Ba2 c6 18. b4 Nb7 19. e5 Be6 20. d5 cxd5 21. Bxd5
Bxd5 22. Rxd5 Qd7 23. Qd4 Re6 24. g3 Ne7 25. Rxd6 Nxd6 26. exd6 Rxd6 27. Qe4
Rc8 28. Ne5 Qe6 29. Qf3 f6 30. Nd3 Qf5 31. Nf4 g5 32. Ne4 Re6 33. Nxf6+ Rxf6
34. Qb3+ Kh8 35. Rxe7 gxf4 36. Qb2 fxg3 37. hxg3 Rcf8 38. Re2 h5 39. Qd4 Kh7
40. Kg2 Qg4 41. Qd3+ Kh8 42. Qc2 h4 43. Re4 Qf3+ 44. Kf1 Qxf2+ 45. Qxf2 Rxf2+
46. Kg1 h3 47. Rh4+ Kg7 48. Rxh3 Rf1+ 0-1

[Event "12. Lovsprings EMT Basis 3 2001"]
[Site "Ringsted"]
[Date "2001.03.23"]
[Round "4"]
[White "Vilsgaard, Lars"]
[Black "Nielsen, Jonas"]
[Result "1-0"]
[WhiteElo "1129"]
[BlackElo "1000"]
[PlyCount "127"]
[EventDate "2001.??.??"]

1. e4 c6 2. Nf3 d5 3. exd5 cxd5 4. d4 Nf6 5. Nc3 Bg4 6. Bg5 Nc6 7. Bxf6 gxf6 8.
Bb5 Bh6 9. O-O O-O 10. Bxc6 bxc6 11. Qd3 Kh8 12. Rfe1 Rg8 13. Nh4 Bg5 14. Nf5
e6 15. Ne3 Bh3 16. g3 Rb8 17. b3 Bxe3 18. Qxe3 Bf5 19. Qd2 Qd6 20. Nd1 c5 21.
dxc5 Qxc5 22. Ne3 Bh3 23. Rad1 Qc6 24. Qd4 e5 25. Qxd5 Rbc8 26. Qxc6 Rxc6 27.
f3 f5 28. c4 f4 29. Nf1 Bxf1 30. Kxf1 fxg3 31. hxg3 Rxg3 32. Kf2 Rg5 33. Rd7
Ra6 34. a4 Rf5 35. Rg1 h5 36. Ke3 Rf4 37. Rg5 f6 38. Rxh5+ Kg8 39. Rhh7 Rb6 40.
Rhg7+ Kh8 41. Rb7 f5 42. Rge7 Rxb7 43. Rxb7 Rd4 44. Rxa7 f4+ 45. Ke2 e4 46.
Ra8+ Kg7 47. fxe4 Rxe4+ 48. Kf3 Re3+ 49. Kxf4 Rxb3 50. a5 Rb4 51. Rc8 Ra4 52.
Rc5 Kf7 53. Ke5 Ke7 54. Kd5 Kd7 55. Rb5 Kc7 56. Kd4 Kc6 57. Kc3 Ra3+ 58. Kb4
Re3 59. Rb6+ Kc7 60. Rh6 Re1 61. a6 Rb1+ 62. Kc5 Rd1 63. Rh7+ Rd7 64. Rxd7+ 1-0

[Event "12. Lovsprings EMT Basis 3 2001"]
[Site "Ringsted"]
[Date "2001.03.30"]
[Round "5"]
[White "Hansen, Steen J"]
[Black "Abdi, Farhad"]
[Result "1-0"]
[WhiteElo "1275"]
[BlackElo "1167"]
[PlyCount "81"]
[EventDate "2001.??.??"]

1. e4 g6 2. g3 Bg7 3. Bg2 c6 4. Nc3 d6 5. d4 Nf6 6. Nge2 Bg4 7. h3 Bc8 8. Be3
Nbd7 9. Qd2 Nb6 10. b3 Qc7 11. O-O Nbd7 12. Rad1 O-O 13. a4 a6 14. b4 Nb6 15.
Qd3 Be6 16. d5 Bd7 17. a5 Nc8 18. Rd2 Ne8 19. g4 e6 20. dxe6 Bxe6 21. Na4 Qd7
22. c4 h5 23. f3 Nc7 24. Rfd1 Ne8 25. Nc5 Qe7 26. Nxe6 Qxe6 27. c5 Qd7 28. Bf4
f6 29. Qc4+ Rf7 30. cxd6 Bf8 31. e5 fxe5 32. Bxe5 b5 33. Qc5 Nf6 34. f4 hxg4
35. Bxc6 Qa7 36. Bxa8 Qxa8 37. hxg4 Ne4 38. Qd5 Qxd5 39. Rxd5 Nf6 40. Bxf6 Rxf6
41. d7 1-0

[Event "12. Lovsprings EMT Basis 3 2001"]
[Site "Ringsted"]
[Date "2001.03.30"]
[Round "5"]
[White "Jakobsen, Henning"]
[Black "Astrup, Knud"]
[Result "0-1"]
[WhiteElo "1069"]
[BlackElo "1178"]
[PlyCount "80"]
[EventDate "2001.??.??"]

1. d4 d5 2. c4 e5 3. cxd5 Qxd5 4. Nc3 Qxd4 5. Qxd4 exd4 6. Nb5 Na6 7. a3 c5 8.
Bf4 Bd7 9. Nd6+ Bxd6 10. Bxd6 Rc8 11. Nf3 f6 12. g3 Rc6 13. Bf4 Ne7 14. Bg2 O-O
15. Nd2 Rb6 16. Nc4 Bc6 17. O-O Bxg2 18. Kxg2 Re6 19. Rfd1 Ng6 20. Bd2 Rxe2 21.
Rab1 b6 22. b4 Ne5 23. Nd6 Ng4 24. Kf3 Re6 25. Kxg4 Rxd6 26. b5 Nc7 27. Bf4 Rd7
28. a4 Nd5 29. Re1 Nxf4 30. Kxf4 Kf7 31. Rb2 Re8 32. Rxe8 Kxe8 33. Re2+ Re7 34.
Rxe7+ Kxe7 35. Ke4 Ke6 36. g4 g6 37. f3 f5+ 38. gxf5+ gxf5+ 39. Kd3 Kd5 40. f4
c4+ 0-1

[Event "12. Lovsprings EMT Basis 3 2001"]
[Site "Ringsted"]
[Date "2001.03.30"]
[Round "5"]
[White "Mogensen, Soren"]
[Black "Vilsgaard, Lars"]
[Result "1-0"]
[WhiteElo "1206"]
[BlackElo "1129"]
[PlyCount "57"]
[EventDate "2001.??.??"]

1. e4 e5 2. Nf3 Nc6 3. Bc4 Bc5 4. d3 h6 5. c3 d6 6. Qb3 Qf6 7. Qd1 Bg4 8. Nbd2
Nge7 9. b4 Bb6 10. a4 a6 11. Nf1 Ng6 12. h3 Bxf3 13. Qxf3 Qxf3 14. gxf3 Nh4 15.
Ke2 Ne7 16. Ne3 Bxe3 17. Bxe3 O-O 18. Rhg1 Kh8 19. d4 Neg6 20. Rg4 f5 21. exf5
Rxf5 22. Bd3 Rf6 23. Rag1 Nxf3 24. R1g3 Nfh4 25. Bxg6 Nxg6 26. Rxg6 Rf7 27.
dxe5 dxe5 28. Re6 Rf5 29. Bxh6 1-0

[Event "12. Lovsprings EMT Basis 3 2001"]
[Site "Ringsted"]
[Date "2001.03.30"]
[Round "5"]
[White "Nielsen, Jonas"]
[Black "Nielsen, Henrik"]
[Result "1/2-1/2"]
[WhiteElo "1000"]
[BlackElo "1186"]
[PlyCount "61"]
[EventDate "2001.??.??"]

1. e4 d6 2. Nf3 Nf6 3. Nc3 Bg4 4. d4 Nbd7 5. Be2 Bh5 6. Nh4 Bxe2 7. Qxe2 e6 8.
d5 Nxd5 9. Nxd5 exd5 10. exd5+ Ne5 11. Nf3 Qe7 12. Nxe5 Qxe5 13. Qe3 Be7 14.
O-O O-O 15. Re1 Bf6 16. Qxe5 Bxe5 17. c3 Rfe8 18. Re3 b6 19. Bd2 Rad8 20. Rae1
Kf8 21. b3 Rd7 22. c4 Rde7 23. g3 h6 24. a4 a5 25. Kf1 Bf6 26. Rxe7 Rxe7 27.
Rxe7 Kxe7 28. Ke2 g5 29. g4 Be5 30. h3 f6 31. f3 1/2-1/2